000 00408nam a2200157Ia 4500
008 210716s1999 xx 000 0 und d
020 _a8178530074
041 _aeng
082 _a005.268 PETC
100 _aPetzold, Charles.
245 _aProgramming windows
250 _a5
260 _aBangalore
_bWP Publishers & Distributors (P) Ltd
_c1999
300 _a1479
650 _aMicrosoft Windows(005.269)
999 _c186092
_d186092